Adoptivkinder und ihre Familien: mit 101 Tabellen
| Autor principal: | |
|---|---|
| Tipo de documento: | Print Libro |
| Lenguaje: | Alemán |
| Publicado: |
Göttingen
Verl. für Medizinische Psychologie im Verl. Vandenhoeck und Ruprecht
1980
|
| En: |
Praxis der Kinderpsychologie und Kinderpsychiatrie / Beihefte (22)
Año: 1980 |
| Acceso en línea: |
Índice Índice |
| Disponibilidad en Tübingen: | Disponible en Tübingen. IFK: O V 163 |
| Verificar disponibilidad: | HBZ Gateway |
| Servicio de pedido Subito: | Pedir ahora. |
| Palabras clave: |
MARC
| LEADER | 00000cam a2200000 c 4500 | ||
|---|---|---|---|
| 001 | 023621281 | ||
| 003 | DE-627 | ||
| 005 | 20260206204655.0 | ||
| 007 | tu | ||
| 008 | 710101s1980 gw ||||| 00| ||ger c | ||
| 015 | |a 80,N01,0161 |2 dnb | ||
| 015 | |a 80,A21,0619 |2 dnb | ||
| 016 | 7 | |a 801063582 |2 DE-101 | |
| 020 | |a 3525452233 |9 3-525-45223-3 | ||
| 035 | |a (DE-627)023621281 | ||
| 035 | |a (DE-603)035912049 | ||
| 035 | |a (DE-576)007241208 | ||
| 035 | |a (DE-599)GBV023621281 | ||
| 035 | |a (OCoLC)15166382 | ||
| 035 | |a (OCoLC)310729745 | ||
| 035 | |a (OCoLC)612704513 | ||
| 035 | |a (DE-604)8011296232 | ||
| 040 | |a DE-627 |b ger |c DE-627 |e rakwb | ||
| 041 | |a ger | ||
| 044 | |c XA-DE | ||
| 084 | |a SOZ 672 |2 sfb | ||
| 084 | |a SOZ 67 (50) |2 sfb | ||
| 084 | |a 10a |2 sdnb | ||
| 084 | |a 10a |a 17a |a 03b |a 05b |a 04a |2 sdnb | ||
| 084 | |a YH 4600 |2 rvk |0 (DE-625)rvk/153546:12905 | ||
| 084 | |a MS 1960 |2 rvk |0 (DE-625)rvk/123626: | ||
| 084 | |a CQ 5000 |2 rvk |0 (DE-625)rvk/19007: | ||
| 084 | |a CQ 6000 |2 rvk |0 (DE-625)rvk/19011: | ||
| 100 | 1 | |a Bohman, Michael |4 aut | |
| 240 | 1 | 0 | |a Adoptivbarn och deras familjer <dt.> |
| 245 | 1 | 0 | |a Adoptivkinder und ihre Familien |b mit 101 Tabellen |c Michael Bohman |
| 264 | 1 | |a Göttingen |b Verl. für Medizinische Psychologie im Verl. Vandenhoeck und Ruprecht |c 1980 | |
| 300 | |a 282 S. |c 21 cm | ||
| 336 | |a Text |b txt |2 rdacontent | ||
| 337 | |a ohne Hilfsmittel zu benutzen |b n |2 rdamedia | ||
| 338 | |a Band |b nc |2 rdacarrier | ||
| 490 | 1 | |a Praxis der Kinderpsychologie und Kinderpsychiatrie |a Beiheft |v 22 | |
| 500 | |a Aus dem. Schwed. übers. - Literaturverz. S. 272 - 282 | ||
| 583 | 1 | |a Archivierung/Langzeitarchivierung gewährleistet |f PENI |x XA-DE-NI |2 pdager |5 DE-35 | |
| 650 | 0 | 7 | |0 (DE-588)4112457-1 |0 (DE-627)105837040 |0 (DE-576)209468149 |a Adoptivfamilie |2 gnd |
| 650 | 0 | 7 | |0 (DE-588)4131246-6 |0 (DE-627)105696420 |0 (DE-576)209625775 |a Adoptivkind |2 gnd |
| 650 | 0 | 7 | |0 (DE-588)4016397-0 |0 (DE-627)104427175 |0 (DE-576)208915818 |a Familie |2 gnd |
| 650 | 0 | 7 | |0 (DE-588)4000522-7 |0 (DE-627)106400851 |0 (DE-576)208838449 |a Adoption |2 gnd |
| 650 | 0 | 7 | |0 (DE-588)4047704-6 |0 (DE-627)106193821 |0 (DE-576)209074426 |a Psychologie |2 gnd |
| 651 | 7 | |0 (DE-588)4077258-5 |0 (DE-627)106080733 |0 (DE-576)209204486 |a Schweden |2 gnd | |
| 689 | 0 | 0 | |d s |0 (DE-588)4131246-6 |0 (DE-627)105696420 |0 (DE-576)209625775 |a Adoptivkind |2 gnd |
| 689 | 0 | 1 | |d s |0 (DE-588)4112457-1 |0 (DE-627)105837040 |0 (DE-576)209468149 |a Adoptivfamilie |2 gnd |
| 689 | 0 | |5 (DE-627) | |
| 689 | 1 | 0 | |d s |0 (DE-588)4131246-6 |0 (DE-627)105696420 |0 (DE-576)209625775 |a Adoptivkind |2 gnd |
| 689 | 1 | 1 | |d s |0 (DE-588)4016397-0 |0 (DE-627)104427175 |0 (DE-576)208915818 |a Familie |2 gnd |
| 689 | 1 | 2 | |d s |0 (DE-588)4047704-6 |0 (DE-627)106193821 |0 (DE-576)209074426 |a Psychologie |2 gnd |
| 689 | 1 | |5 (DE-627) | |
| 689 | 2 | 0 | |d s |0 (DE-588)4000522-7 |0 (DE-627)106400851 |0 (DE-576)208838449 |a Adoption |2 gnd |
| 689 | 2 | |5 (DE-627) | |
| 700 | 1 | 2 | |a Bohman, Michael |t Adoptivbarn och deras familjer <dt.> |
| 830 | 0 | |a Praxis der Kinderpsychologie und Kinderpsychiatrie / Beihefte |v 22 |9 22 |w (DE-627)130115274 |w (DE-576)015645673 |w (DE-600)504399-2 |x 0085-5073 |7 am | |
| 856 | 4 | 2 | |u https://digitale-objekte.hbz-nrw.de/storage/2008/11/13/file_9/2660876.pdf |m V:DE-605 |m X:migimw |q application/pdf |v 2025-07-00 |3 Inhaltsverzeichnis |7 1 |
| 856 | 4 | 2 | |u http://scans.hebis.de/HEBCGI/show.pl?03591204_toc.pdf |m V:DE-605 |q application/pdf |3 Inhaltsverzeichnis |7 1 |
| 889 | |w (DE-627)438426509 | ||
| 889 | |w (DE-627)574469370 | ||
| 935 | |i Blocktest | ||
| 936 | r | v | |a YH 4600 |b Allgemeines |k Medizin |k Psychiatrie, Medizinische Psychologie |k Allgemeine medizinische Psychologie, Psychopathologie |k Sozialpsychiatrie (s.a. Medizin und Soziologie XC 2650; Sozialmedizin s. XF 1500 ff, Sozialpsychologie s. CV) |k Allgemeines |0 (DE-627)1270878697 |0 (DE-625)rvk/153546:12905 |0 (DE-576)200878697 |
| 936 | r | v | |a MS 1960 |b Kinder (auch Adoption) |k Soziologie |k Spezielle Soziologien |k Familiensoziologie |k Kinder (auch Adoption) |0 (DE-627)1271440962 |0 (DE-625)rvk/123626: |0 (DE-576)201440962 |
| 936 | r | v | |a CQ 5000 |b Entwicklung spezieller Verhaltensweisen und Funktionen |k Psychologie |k Entwicklungspsychologie |k Entwicklung spezieller Verhaltensweisen und Funktionen |0 (DE-627)1271480107 |0 (DE-625)rvk/19007: |0 (DE-576)201480107 |
| 936 | r | v | |a CQ 6000 |b Kindheit und Jugend |k Psychologie |k Entwicklungspsychologie |k Kindheit und Jugend |0 (DE-627)1270875655 |0 (DE-625)rvk/19011: |0 (DE-576)200875655 |
| 936 | s | n | |a c200 |2 mzub |
| 936 | s | n | |a w200 |2 mzub |
| 936 | s | n | |a m200 |2 mzub |
| 951 | |a BO | ||
| ELC | |b 1 | ||
| LOK | |0 000 xxxxxcx a22 zn 4500 | ||
| LOK | |0 001 3143231181 | ||
| LOK | |0 003 DE-627 | ||
| LOK | |0 004 023621281 | ||
| LOK | |0 005 20020607000000 | ||
| LOK | |0 008 930513||||||||||||||||ger||||||| | ||
| LOK | |0 040 |a DE-21-110 |c DE-627 |d DE-21-110 | ||
| LOK | |0 852 |a DE-21-110 | ||
| LOK | |0 852 1 |c O V 163 |m p |9 00 | ||
| LOK | |0 935 |a k110 | ||
| LOK | |0 936ln |a 7.3.2.1 | ||
| LOK | |0 938 |k p | ||
| LOK | |0 939 |a 13-05-93 |b l01 | ||
| ORI | |a SA-MARC-krimdoka001.raw | ||
| SIG | |a IFK: O V 163 | ||
